000 00898nam a2200265Ia 4500
003 OSt
005 20220923225416.0
006 a|||||r|||| 00| 0
007 ta
008 220922b |||||||| |||| 00| 0 hin d
020 _c5
024 _a266,710
037 _b323, 15/12/2012, Eastern Book Linkers
_cTextual
040 _aARTS
_cARTS
_bhin
041 _2hin
_ahin
082 _aV2y7N02, P4
100 _aनारायण, जयप्रकाश
_9156292
245 0 _aलोक स्वराज्य
246 _aLok svarājya
260 _aवाराणसी
_b सर्व सेवा संघ प्रकाशन
_c2004
300 _a46पृ.
_ccm.
650 _aविश्व-इतिहास
942 _hV2y7N02, P4
_cTEXL
_2CC
999 _c378056
_d378056